000 00479nam a2200217Ia 4500
003 IT-RoPAU
008 120407s9999 xx 000 0 und d
040 _aIT-RoPAU
040 _cIT-RoPAU
041 _aita
100 _aGiovanni Di Napoli
245 _aManuale Philosophiae ad usum Seminariorum
250 _aTorino
260 _aMarietti
260 _c1963
300 _c25 cm
490 _v1
600 _a 1. Filosofia . Manuali
942 _cBK
999 _c14094
_d14094